00666nam a2200241 a 4500001001300000003000900013005001700022008004100039020001000080082001300090100001700103245002900120260004200149300000800191500003500199505001300234650001900247700001700266902000800283942000700291952011300298999001300411nice12345678IN_TiNIC20260116011350.0050524s1956 lona grp 000 0 eng  ac10000a270bFOS aFoster, John aBeginning from Jerusalem aLondonbLutterworth Educationalc1956 a94p aincludes index and biblioraphy2 aAppendix aChurch-History1 aFoster, John bSRS cBK 001040708StackRoom-aHMIbHMId2007-07-17g100.00l0o270 FOSp02529r2007-07-17v100.00w2005-05-24yBK c889d889